<?xml version="1.0" encoding="UTF-8"?>
<record
    xmlns:xsi="http://www.w3.org/2001/XMLSchema-instance"
    xsi:schemaLocation="http://www.loc.gov/MARC21/slim http://www.loc.gov/standards/marcxml/schema/MARC21slim.xsd"
    xmlns="http://www.loc.gov/MARC21/slim">

  <leader>01591    a2200205   4500</leader>
  <controlfield tag="003">Nust</controlfield>
  <controlfield tag="005">20221010135145.0</controlfield>
  <datafield tag="010" ind1=" " ind2=" ">
    <subfield code="a">   81083272</subfield>
  </datafield>
  <datafield tag="020" ind1=" " ind2=" ">
    <subfield code="a">0395314895</subfield>
  </datafield>
  <datafield tag="040" ind1=" " ind2=" ">
    <subfield code="c">Nust</subfield>
  </datafield>
  <datafield tag="082" ind1="0" ind2="0">
    <subfield code="a">540,EBB</subfield>
  </datafield>
  <datafield tag="100" ind1="1" ind2=" ">
    <subfield code="a">Ebbing, Darrell D.</subfield>
    <subfield code="9">99692</subfield>
  </datafield>
  <datafield tag="245" ind1="1" ind2="0">
    <subfield code="a">General chemistry /</subfield>
    <subfield code="c">Darrell D. Ebbing ; consulting editor, Mark S. Wrighton.</subfield>
  </datafield>
  <datafield tag="260" ind1=" " ind2=" ">
    <subfield code="a">Boston :</subfield>
    <subfield code="b">Houghton Mifflin Co.,</subfield>
    <subfield code="c">c1984.</subfield>
  </datafield>
  <datafield tag="300" ind1=" " ind2=" ">
    <subfield code="a">xxiv, 970, [98] p., [8] p. of plates :</subfield>
    <subfield code="b">ill. (some col.) ;</subfield>
    <subfield code="c">26 cm.</subfield>
  </datafield>
  <datafield tag="505" ind1=" " ind2=" ">
    <subfield code="a">Chemistry and Measurement  (Page-1), Atomic Theory  (Page-27), Calculations with Chemical Formulas and Equations  (Page-50), The Gaseous State  (Page-88), Atomic Structure  (Page-128), Electron Configurations and Periodicity (Page-163), Ionic and Covalent Bonding (Page-195), Molecular Geometry and Chemical Bonding Theory (Page-234), Reactions in Aqueous Solutions (Page-270), Thermochemistry (Page-311), Liquids and Solids (Page-345), Solutions (Page-289), The Atmosphere (Page-425), Hydrogen and its Compounds with Oxygen (Page-466), Rates of Reaction (Page-493), Chemical Equilibrium (Page-535), Acid Base Concepts (Page-569), Acid Base Equilibria (Page-593), Solubility and Complex-Ion Equilibria (Page-625), Thermodynamics and Equilibrium (Page-655),Electrochemistry (Page-682), Nuclear Chemistry (Page-716), The Main Group Elements (Page-759), The Main Group Elements Groups IVA to VIIA (Page-798), The Transition Elements (Page-841), Organic Chemistry (Page-893), Biochemistry (Page-935).</subfield>
  </datafield>
  <datafield tag="650" ind1=" " ind2="0">
    <subfield code="a">Chemistry.</subfield>
  </datafield>
  <datafield tag="700" ind1="1" ind2=" ">
    <subfield code="a">Wrighton, Mark S.,</subfield>
    <subfield code="d">1949-</subfield>
    <subfield code="9">99693</subfield>
  </datafield>
  <datafield tag="942" ind1=" " ind2=" ">
    <subfield code="2">ddc</subfield>
    <subfield code="c">BK</subfield>
  </datafield>
  <datafield tag="999" ind1=" " ind2=" ">
    <subfield code="c">183306</subfield>
    <subfield code="d">183306</subfield>
  </datafield>
  <datafield tag="952" ind1=" " ind2=" ">
    <subfield code="0">0</subfield>
    <subfield code="1">0</subfield>
    <subfield code="2">ddc</subfield>
    <subfield code="4">0</subfield>
    <subfield code="7">0</subfield>
    <subfield code="a">MCS</subfield>
    <subfield code="b">MCS</subfield>
    <subfield code="c">GEN</subfield>
    <subfield code="d">2016-12-12</subfield>
    <subfield code="o">540,EBB</subfield>
    <subfield code="p">MCS6403</subfield>
    <subfield code="r">2016-12-08</subfield>
    <subfield code="w">2016-12-12</subfield>
    <subfield code="y">BK</subfield>
    <subfield code="z">Almirah No.25, Shelf No.1</subfield>
  </datafield>
</record>
